00538nam a2200193 a 4500001001300000003000900013005001700022008004100039020000900080082001700089100002600106245007800132260004000210300000900250500003500259505001000294650001400304700002600318nice12345678IN_TiNIC20260116015133.0050524s1977 newa grp 000 0 eng  ac5000a303.61bNIE1 aNieren Berg, Gerard I aArt of Negotiatingb Psychological Strategies for Gaining Advantageous Ba aNew YorkbCornerstone Libraryc1977 a182p aincludes index and biblioraphy2 aindex aMediation1 aNieren Berg, Gerard I